000
00242nam a2200097Ia 4500
001
1196878
005
20250827021815.0
008
250824s9999 xx 000 0 und d
245
0
_a
KIRIK DENİZ KABUKLARI
_c
SELİM
260
_b
EVEREST YAYINLARI
999
_c
1196878
_d
1196878